MARC

LEADER 00000nam0a2200000 4500
001 40682
005 20231101210636.0
035 |a (RuTPU)RU\TPU\book\41743 
090 |a 40682 
100 |a 20020521d1985 m y0rusy50 ca 
101 0 |a rus 
102 |a RU 
105 |a a z 000zy 
200 1 |a Физика вокруг нас  |f С. С. Хилькевич 
210 |a Москва  |c Наука  |d 1985 
215 |a 160 с.  |c ил. 
225 1 |a Квант  |v Вып. 40 
606 |a Физика  |2 stltpush  |3 (RuTPU)RU\TPU\subj\63709  |9 80688 
610 1 |a занимательная физика 
610 1 |a поезда 
610 1 |a тормоза 
610 1 |a велосипеды 
610 1 |a устойчивость 
610 1 |a трение 
610 1 |a холмы 
610 1 |a образование 
610 1 |a вибрация 
610 1 |a смеси 
610 1 |a колебания 
610 1 |a волны 
610 1 |a падающие капли 
610 1 |a янтарь 
610 1 |a трясина 
610 1 |a лед 
610 1 |a зимняя рыбалка 
610 1 |a холод 
610 1 |a оптика 
610 1 |a радуга 
610 1 |a солнечные зайчики 
610 1 |a яркость 
610 1 |a термоядерный синтез 
675 |a 53  |v 3 
700 1 |a Хилькевич  |b С. С.  |g Сергей Степанович 
801 1 |a RU  |b 63413507  |c 20020521  |g PSBO 
801 2 |a RU  |b 63413507  |c 20140218  |g PSBO 
942 |c BK